Mecánica agrícola / por Mariano Capdevila y Pujol
Publicado:
Industria é invenciones, (oct. 1896-ag. 1899), pàg. 129-130 :
1380
Descripción Física:
il. ; 27 cm
Materias:
Maquinària agrícola
; Recol·lectores
; Trilladores I
; Trituradores
; Talladors
; Premses
; Maquinària de bombament
; Locomotores
MARC
| LEADER | 00000nam a2200000Ia 4500 | ||
|---|---|---|---|
| 001 | 20777 | ||
| 008 | 160829s138-139, 9-10, xx 000 0 cat d | ||
| 080 | |a 1946 | ||
| 100 | |a Capdevila Pujol, Mariano |9 47529 | ||
| 245 | |a Mecánica agrícola / por Mariano Capdevila y Pujol | ||
| 260 | |a Industria é invenciones, (oct. 1896-ag. 1899), pàg. 129-130, |c 138-139, 9-10, |c 18-20, 66-68, 86-88, |c 168-169, |c 176-178, 200-202, 207-209, 215-217, 225, 53-54, 72-73, 83-84, |c 128-129, |c 192-193, 228-229, 238-239, 250-252, 42-43, 52-53, 72-73, 83-84, |c 102-103, |c 134-135, |c 141-143, |c 171-174, |c 182-184, |c 193, 212-213, 229-231, |c 10-11, |c 19, 26-28, 36-37, 42-43 | ||
| 300 | |a il. ; |c 27 cm | ||
| 590 | |a Secció de la revista: Agricultura científica. | ||
| 590 | |a Conté articles sobre: Segadoras; aparatos y máquinas de interior (trilladoras, cortadoras, prensas); bombas; locomotoras. | ||
| 590 | |a Articles de l'any 1896: núm. 17 (24 oct.), 18 (31 oct.); any 1897: núm. 2 (9 gen.), 3 (16 gen.), 8 (20 feb.), 10 (6 març), 18 (30 oct.), 19 (6 nov.), 22 (27 nov.), 23 (4 des.), 24 (11 des), (18 des.); any 1898: (6 ag.), (20 ag.), (27 ag.), 14 (1 oct.), 21 (19 nov.), 25 (17 des.), 26 (24 des.), (31 des.); any 1899: núm. 5 (4 feb.), 6 (11 feb.), 8 (25 feb.), (4 març), 11 (18 març), (8 abr.), 15 (15 abr.), 18 (6 maig), 19 (13 maig), (20 maig), 22 (3 juny), 24 (17 juny), 2 (8 jul.), (15 jul.), 4 (22 jul.), (29 jul.), 6 (5 ag.) | ||
| 650 | |a Maquinària agrícola |9 47530 | ||
| 650 | |a Recol·lectores |9 48147 | ||
| 650 | |a Trilladores I |9 48148 | ||
| 650 | |a Trituradores |9 48149 | ||
| 650 | |a Talladors |9 48150 | ||
| 650 | |a Premses |9 48151 | ||
| 650 | |a Maquinària de bombament |9 48152 | ||
| 650 | |a Locomotores |9 48153 | ||
| 901 | |a Arxiu | ||
| 942 | |n 1 | ||
| 952 | |0 0 |1 0 |4 0 |6 1946 |7 1 |9 54351 |a Arxiu |b Arxiu |d 2016-12-01 |l 0 |o 1946 |p 20777 |r 2016-12-01 00:00:00 |w 2016-12-01 |y ARXIU | ||
| 999 | |c 58220 |d 58220 | ||